War on the saints. (Record no. 13024)

000 -LEADER
fixed length control field 00724nam a2200205 a 4500
001 - CONTROL NUMBER
control field :::00010842$&:&@@
003 - CONTROL NUMBER IDENTIFIER
control field OkBaRHE
005 - DATE AND TIME OF LATEST TRANSACTION
control field 20000607103403.0
008 - FIXED-LENGTH DATA ELEMENTS--GENERAL INFORMATION
fixed length control field s1988 j 000 0 eng u
040 ## - CATALOGING SOURCE
Transcribing agency
100 1# - MAIN ENTRY--PERSONAL NAME
Personal name Penn-Lewis, Jessie, 1861-1927.
245 10 - TITLE STATEMENT
Title War on the saints.
260 ## - PUBLICATION, DISTRIBUTION, ETC. (IMPRINT)
Place of publication, distribution, etc Fort Washington, PA., :
Name of publisher, distributor, etc Christian Literature Crusade
Date of publication, distribution, etc 1988
300 ## - PHYSICAL DESCRIPTION
Extent 159 p. ;
Dimensions 18 cm.
650 ## - SUBJECT ADDED ENTRY--TOPICAL TERM
Topical term or geographic name as entry element Christian Life
700 ## - ADDED ENTRY--PERSONAL NAME
Personal name Roberts, Evan, 1878- , Joint author.
942 ## - ADDED ENTRY ELEMENTS (KOHA)
Source of classification or shelving scheme
Koha item type Books
Copies
Koha item type Damaged status Copy number Withdrawn status Date last seen Price effective from Not for loan Barcode Shelving location Permanent Location Source of classification or shelving scheme Lost status Date acquired Full call number
Books 1 2010-04-142010-04-14 10842General StacksRHEMA Bible Training College  2010-04-14BV 4501.2 .P4W3
Books 2 2010-04-142010-04-14 20772General StacksRHEMA Bible Training College  2010-04-14BV 4501.2 .P4W3